000 00567nam a22001937a 4500
005 20260423130130.0
008 260423b |||||||| |||| 00| 0 eng d
037 _cDSWL
040 _aDSWL
_cDSWL
041 _heng
084 _aY11:439 Q6
100 _aTarrant, Shira
_91235521
245 _aPornography Industry: What Everyone Needs to Know
260 _aNew Delhi,
_bOxford University Press,
_c2016
300 _a196p
365 _aINR
_b595
942 _2CC
_cTEXL
_hY11:439 Q6
_n0
999 _c1848424
_d1848424